北海道のカントリーサイン③ - Statistics

General Stats
  • This quiz has been taken 74 times
  • The average score is 12 of 30
Answer Stats
Picture Answer % Correct
札幌市
98%
小樽市
93%
室蘭市
76%
北見市
67%
函館市
53%
滝上町
42%
赤平市
40%
本別町
40%
豊頃町
38%
西興部村
38%
斜里町
38%
浦河町
38%
上ノ国町
36%
留萌市
36%
東神楽町
36%
湧別町
35%
小平町
33%
厚岸町
31%
釧路町
31%
八雲町
29%
神恵内村
27%
鷹栖町
27%
共和町
27%
上砂川町
25%
清水町
25%
歌志内市
25%
月形町
24%
泊村
22%
礼文町
22%
奈井江町
15%
No matching quizzes found
Score Distribution
Percent of People with Each Score
Percentile by Number Answered
Your Score History
You have not taken this quiz